[Event "SVK-chT1E 1819"]
[Site "Slovakia"]
[Date "2019.03.16"]
[Round "10.8"]
[White "Chovanec, Stefan"]
[Black "Pollak, Rudolf"]
[Result "0-1"]
[WhiteElo "1661"]
[BlackElo "1776"]
[PlyCount "82"]
[EventDate "2018.10.27"]
[EventType "team-tourn"]
[EventRounds "11"]
[EventCountry "SVK"]
[SourceTitle "CBM 189 Extra"]
[Source "ChessBase"]
[SourceDate "2019.06.03"]
[SourceVersion "1"]
[SourceVersionDate "2019.06.03"]
[SourceQuality "1"]
[WhiteTeam "Dunajov Inbest II"]
[BlackTeam "Bardejov"]
[WhiteTeamCountry "SVK"]
[BlackTeamCountry "SVK"]

1. e4 e5 2. Bb5 a6 3. Ba4 b5 4. Bb3 Bc5 5. d3 d6 6. Qf3 Qf6 7. Bg5 Qxf3 8. gxf3 Ne7 9. Bxe7 Kxe7 10. h4 Bb7 11. Nh3 h6 12. Rg1 Rh7 13. Nc3 c6 14. Ne2 Bc8 15. Rg3 Nd7 16. f4 Nf6 17. f5 g6 18. fxg6 fxg6 19. Nhg1 Rg7 20. f3 Bd7 21. a4 b4 22. 0-0-0 Rf8 23. Rf1 g5 24. hxg5 hxg5 25. Kd2 Rh8 26. f4 exf4 27. Nxf4 Rh2+ 28. Nge2 Bg4 29. Rg2 Rxg2 30. Nxg2 Bh3 31. Ng3 Bxg2 32. Nf5+ Kd7 33. Nxg7 Bxf1 34. Be6+ Ke7 35. Bf5 g4 36. Ke1 Bg2 37. c3 g3 38. d4 bxc3 39. bxc3 Ba3 40. Bc8 Bxe4 41. Bxa6 Bb2 0-1